|
|
|
|
| LEADER |
01516nom a2200385 u 4500 |
| 001 |
10091291 |
| 003 |
upatras |
| 005 |
20210117202846.0 |
| 008 |
110802s2010 eng |
| 020 |
|
|
|a 9781441956897
|
| 040 |
|
|
|a GR-PaULI
|c GR-PaULI
|
| 041 |
0 |
|
|a eng
|
| 100 |
1 |
|
|a Hirsch, Michael J
|9 95646
|
| 245 |
1 |
0 |
|a Dynamics of Information Systems
|h [electronic resource]
|b Theory and Applications
|c edited by Michael J. Hirsch, Panos M. Pardalos, Robert Murphey
|
| 260 |
|
|
|a New York, NY
|b Springer Science+Business Media, LLC
|c 2010
|
| 300 |
|
|
|b v.: digital
|
| 490 |
0 |
|
|a Springer Optimization and Its Applications
|v 40
|x 1931-6828
|
| 650 |
|
4 |
|a Mathematics
|9 10598
|
| 650 |
|
4 |
|a Systems theory
|9 24317
|
| 650 |
|
4 |
|a Operations research
|9 12236
|
| 650 |
|
4 |
|a Mathematics
|9 10598
|
| 650 |
|
4 |
|a Operations Research, Mathematical Programming
|9 64350
|
| 650 |
|
4 |
|a Systems Theory, Control
|9 64540
|
| 650 |
|
4 |
|a Operations Research/Decision Theory
|9 64252
|
| 650 |
|
4 |
|a Artificial Intelligence (incl. Robotics)
|9 64267
|
| 650 |
|
4 |
|9 84642
|a Τεχνητή νοημοσύνη
|
| 700 |
1 |
|
|a Pardalos, Panos M
|9 66307
|
| 700 |
1 |
|
|a Murphey, Robert
|9 64351
|
| 710 |
2 |
|
|a SpringerLink (Online service)
|9 68735
|
| 760 |
1 |
|
|a Springer Optimization and Its Applications
|g 40
|x 1931-6828
|
| 852 |
|
|
|a GR-PaULI
|b ΠΑΤΡΑ
|b ΒΚΠ
|
| 856 |
4 |
0 |
|u http://dx.doi.org/10.1007/978-1-4419-5689-7
|
| 942 |
|
|
|2 ddc
|
| 952 |
|
|
|0 0
|1 0
|4 0
|7 0
|9 99205
|a LISP
|b LISP
|d 2016-04-24
|l 0
|r 2016-04-24 00:00:00
|w 2016-04-24
|y ERS
|
| 999 |
|
|
|c 66991
|d 66991
|